[Event "AUT-chT (Women) 2324"]
[Site "Austria"]
[Date "2024.03.23"]
[Round "5.3"]
[White "Kushka, Alena"]
[Black "Konecny, Sophie"]
[Result "1-0"]
[WhiteElo "2146"]
[BlackElo "1839"]
[PlyCount "59"]
[EventDate "2023.11.24"]
[EventType "team-tourn"]
[EventRounds "9"]
[EventCountry "AUT"]
[SourceTitle "CB16_2024"]
[SourceDate "2024.04.17"]
[SourceVersion "1"]
[SourceVersionDate "2024.04.17"]
[SourceQuality "1"]
[WhiteTeam "St Veit/Glan (W)"]
[BlackTeam "Mayrhofen/Zillertal (W)"]
[WhiteTeamCountry "AUT"]
[BlackTeamCountry "AUT"]

1. d4 Nf6 2. c4 e6 3. Nc3 Bb4 4. e3 c5 5. Nge2 Ne4 6. a3 Bxc3+ 7. Nxc3 Nxc3 8. bxc3 Qa5 9. Bd2 0-0 10. Bd3 f5 11. 0-0 Qc7 12. e4 Nc6 13. exf5 exf5 14. Qh5 d6 15. Rae1 Qf7 16. Qh4 Bd7 17. Bf4 Qf6 18. Qxf6 Rxf6 19. d5 Nd8 20. Re7 Ba4 21. Rfe1 b6 22. h4 h6 23. Rc7 Nf7 24. Re6 Rxe6 25. dxe6 Ne5 26. Bxe5 dxe5 27. Bxf5 Bb3 28. Be4 Re8 29. Bc6 Rd8 30. e7 1-0

[Event "AUT-chT (Women) 2324"]
[Site "Austria"]
[Date "2023.11.25"]
[Round "2.2"]
[White "Kushka, Alena"]
[Black "Matnadze, Ana"]
[Result "0-1"]
[WhiteElo "2175"]
[BlackElo "2397"]
[PlyCount "92"]
[EventDate "2023.11.24"]
[EventType "team-tourn"]
[EventRounds "9"]
[EventCountry "AUT"]
[SourceTitle "CB48_2023"]
[SourceDate "2023.11.29"]
[SourceVersion "1"]
[SourceVersionDate "2023.11.29"]
[SourceQuality "1"]
[WhiteTeam "St Veit/Glan (W)"]
[BlackTeam "Pamhagen (W)"]
[WhiteTeamCountry "AUT"]
[BlackTeamCountry "AUT"]

1. d4 Nf6 2. c4 e6 3. Nc3 d5 4. cxd5 exd5 5. Bg5 c6 6. e3 Be7 7. Qc2 Nbd7 8. Bd3 Nf8 9. 0-0-0 Ne6 10. Bxf6 Bxf6 11. f4 b6 12. g4 Bb7 13. g5 Be7 14. Nf3 Bd6 15. h4 c5 16. Bxh7 cxd4 17. exd4 Bxf4+ 18. Kb1 Qc7 19. Bf5 0-0-0 20. Qa4 a6 21. Ne2 Kb8 22. Bxe6 fxe6 23. Nxf4 Qxf4 24. Ne5 Rc8 25. Qb4 Ka7 26. a4 a5 27. Qb5 Rc7 28. Ng6 Qe4+ 29. Qd3 Rhc8 30. Qxe4 dxe4 31. Rh3 Rf7 32. Ne5 Rf2 33. Rc1 Rd8 34. Rc7 Ka6 35. Nc6 Rf1+ 36. Kc2 Rdf8 37. Kd2 Rb1 38. Kc2 Rbf1 39. Kd2 Rb1 40. Kc2 Rg1 41. Ne7 Rf2+ 42. Kb3 Rgg2 43. Rc1 Rxb2+ 44. Kc3 Ra2 45. Kb3 Rgb2+ 46. Kc3 Rb4 0-1

[Event "BL2-Sued 2223"]
[Site "Germany"]
[Date "2023.03.19"]
[Round "10.8"]
[White "Hamid, Emran"]
[Black "Kushka, Alena"]
[Result "0-1"]
[WhiteElo "2206"]
[BlackElo "2160"]
[PlyCount "106"]
[EventDate "2022.10.22"]
[EventType "team-tourn"]
[EventRounds "9"]
[EventCountry "GER"]
[SourceTitle "EXT 2024"]
[Source "ChessBase"]
[SourceDate "2023.10.10"]
[SourceVersion "1"]
[SourceVersionDate "2023.10.10"]
[SourceQuality "1"]
[WhiteTeam "Eppingen"]
[BlackTeam "Hofheim"]
[WhiteTeamCountry "GER"]
[BlackTeamCountry "GER"]

1. e4 c5 2. Nf3 Nc6 3. Bb5 g6 4. 0-0 Bg7 5. Re1 Nf6 6. e5 Ng4 7. Bxc6 dxc6 8. d3 0-0 9. Nc3 f6 10. Bf4 fxe5 11. Bg3 e4 12. Nxe4 Bxb2 13. Rb1 Bd4 14. c3 Bf6 15. Nxc5 Qd5 16. Qb3 Qxb3 17. Rxb3 b6 18. Ne4 Bf5 19. d4 Rfd8 20. h3 Nh6 21. a4 Rac8 22. Bf4 Nf7 23. g4 Bd7 24. a5 b5 25. Kh2 h6 26. Rb2 g5 27. Bg3 Bg7 28. Nc5 Bf8 29. Ne5 Nxe5 30. Rxe5 Be8 31. h4 Rd5 32. Rbe2 Bf7 33. hxg5 hxg5 34. Ne4 Rxe5 35. Bxe5 Bh6 36. Kg3 Bd5 37. f3 Rf8 38. Rh2 Bxe4 39. fxe4 Bg7 40. Rh5 Bxe5+ 41. dxe5 Rd8 42. Rxg5+ Kf7 43. Rf5+ Ke6 44. g5 c5 45. g6 Rg8 46. Rg5 b4 47. cxb4 cxb4 48. Kf4 b3 49. Rg1 b2 50. Kg5 Kxe5 51. Re1 Rb8 52. Rb1 Kxe4 53. g7 Kd3 0-1

[Event "BL2-West 2122"]
[Site "Germany"]
[Date "2022.07.02"]
[Round "9.7"]
[White "Kushka, Alena"]
[Black "Marcziter, Dmitrii"]
[Result "1/2-1/2"]
[WhiteElo "2127"]
[BlackElo "2227"]
[PlyCount "88"]
[EventDate "2022.03.05"]
[EventType "team-tourn"]
[EventRounds "10"]
[EventCountry "GER"]
[SourceTitle "EXT 2023"]
[Source "ChessBase"]
[SourceDate "2022.10.05"]
[SourceVersion "1"]
[SourceVersionDate "2022.10.05"]
[SourceQuality "1"]
[WhiteTeam "Hofheim"]
[BlackTeam "Koeln Porz"]
[WhiteTeamCountry "GER"]
[BlackTeamCountry "GER"]

1. d4 d5 2. c4 e6 3. Nc3 c5 4. cxd5 exd5 5. Nf3 Nc6 6. g3 Nf6 7. Bg2 Be7 8. 0-0 0-0 9. dxc5 Bxc5 10. Bg5 d4 11. Bxf6 Qxf6 12. Ne4 Qe7 13. Nxc5 Qxc5 14. Rc1 Qb6 15. b3 Bf5 16. Qd2 Rfe8 17. Rfe1 h6 18. Qf4 Be4 19. Red1 Rad8 20. Rc4 Bd5 21. Rc2 Re4 22. Qc1 Re7 23. Qb2 d3 24. Rcd2 dxe2 25. Rxe2 Bxf3 26. Rxd8+ Qxd8 27. Bxf3 Nd4 28. Rxe7 Nxf3+ 29. Kg2 Nh4+ 30. gxh4 Qxe7 31. Qd4 a6 32. a4 a5 33. Kg3 h5 34. h3 g6 35. Qd5 Qc7+ 36. Kg2 b6 37. Qd4 Qc6+ 38. Kg3 Qe6 39. Qd8+ Kh7 40. Qd3 Qe5+ 41. Kf3 Kg7 42. Qc4 Kf8 43. Qc8+ Kg7 44. Qc4 Kf8 1/2-1/2

[Event "BL2 Sued 2122 (Women)"]
[Site "Germany"]
[Date "2021.11.27"]
[Round "1.1"]
[White "Imnadze, Nato"]
[Black "Kushka, Alena"]
[Result "0-1"]
[WhiteElo "2251"]
[BlackElo "2119"]
[PlyCount "82"]
[EventDate "2021.11.27"]
[EventType "team-tourn"]
[EventRounds "7"]
[EventCountry "GER"]
[SourceTitle "EXT 2023"]
[Source "ChessBase"]
[SourceDate "2022.10.05"]
[SourceVersion "1"]
[SourceVersionDate "2022.10.05"]
[SourceQuality "1"]
[WhiteTeam "Forstenried (W)"]
[BlackTeam "Hofheim (W)"]
[WhiteTeamCountry "GER"]
[BlackTeamCountry "GER"]

1. e4 c5 2. Nc3 e6 3. g3 d5 4. exd5 exd5 5. d3 Nf6 6. Bg5 Be7 7. Bg2 d4 8. Bxf6 Bxf6 9. Qe2+ Be7 10. Nd5 Nc6 11. Nxe7 Nxe7 12. Qe5 Qa5+ 13. Kf1 f6 14. Qe4 Qc7 15. Re1 Kf7 16. Bh3 Re8 17. Qxh7 Bxh3+ 18. Qxh3 Qc6 19. Qh5+ Kg8 20. Qf3 Nd5 21. Re4 Rxe4 22. dxe4 Nb4 23. a3 Na6 24. Kg2 Re8 25. e5 fxe5 26. Qxc6 bxc6 27. b3 Nc7 28. Nh3 Nd5 29. Re1 e4 30. Nf4 Nxf4+ 31. gxf4 Kf7 32. Kf1 Kf6 33. Ke2 Rh8 34. Rh1 Rh3 35. Kd2 Kf5 36. Rg1 Rxh2 37. Ke1 e3 38. Rxg7 Rxf2 39. Rg5+ Ke4 40. Rxc5 Kf3 41. f5 Rh2 0-1

[Event "BL 1920 (Women)"]
[Site "Germany"]
[Date "2021.09.05"]
[Round "11.3"]
[White "Agrest, Inna"]
[Black "Kushka, Alena"]
[Result "1-0"]
[WhiteElo "2320"]
[BlackElo "2121"]
[PlyCount "111"]
[EventDate "2019.09.14"]
[EventType "team-tourn"]
[EventRounds "11"]
[EventCountry "GER"]
[SourceTitle "EXT 2022"]
[Source "ChessBase"]
[SourceDate "2021.10.06"]
[SourceVersion "1"]
[SourceVersionDate "2021.10.06"]
[SourceQuality "1"]
[WhiteTeam "Deizisau (W)"]
[BlackTeam "Hofheim (W)"]
[WhiteTeamCountry "GER"]
[BlackTeamCountry "GER"]

1. e4 c5 2. Nf3 Nc6 3. d4 cxd4 4. Nxd4 Qb6 5. Nb3 Nf6 6. Nc3 e6 7. a3 Be7 8. h3 a6 9. g4 d5 10. Be3 Qc7 11. exd5 Nxd5 12. Nxd5 exd5 13. Bg2 Be6 14. Qe2 0-0 15. Nd4 b5 16. 0-0 Bd6 17. Nxc6 Qxc6 18. Bd4 Rae8 19. Qd2 f5 20. Rfe1 Qd7 21. Qg5 Rf7 22. Rad1 Be7 23. Qe3 Bh4 24. Qe5 Bf6 25. Qg3 fxg4 26. hxg4 Bxd4 27. Rxd4 Kf8 28. Re3 Qc6 29. c3 Rd7 30. Qh4 h6 31. g5 Bf7 32. Rxe8+ Kxe8 33. Qg3 Qd6 34. Qg4 h5 35. Qf5 Qe6 36. Qf4 Qd6 37. Qf5 Qe6 38. Qf4 Qd6 39. Qd2 Kd8 40. a4 Kc7 41. axb5 axb5 42. Qd3 Qb6 43. Bxd5 Bg6 44. Be4 Rxd4 45. cxd4 Bf7 46. Qc3+ Kd7 47. d5 g6 48. Qg7 Ke7 49. Qe5+ Kd7 50. Bg2 Qd6 51. Qd4 Ke7 52. b4 Qc7 53. Qf6+ Kf8 54. d6 Qd7 55. Qh8+ Bg8 56. Qh6+ 1-0

[Event "BL 1920 (Women)"]
[Site "Germany"]
[Date "2021.09.04"]
[Round "10.3"]
[White "Kushka, Alena"]
[Black "Atalik, Ekaterina"]
[Result "0-1"]
[WhiteElo "2121"]
[BlackElo "2456"]
[PlyCount "82"]
[EventDate "2019.09.14"]
[EventType "team-tourn"]
[EventRounds "11"]
[EventCountry "GER"]
[SourceTitle "EXT 2022"]
[Source "ChessBase"]
[SourceDate "2021.10.06"]
[SourceVersion "1"]
[SourceVersionDate "2021.10.06"]
[SourceQuality "1"]
[WhiteTeam "Hofheim (W)"]
[BlackTeam "Schwaebisch Hall (W)"]
[WhiteTeamCountry "GER"]
[BlackTeamCountry "GER"]

1. d4 d5 2. c4 e6 3. Nc3 c6 4. cxd5 exd5 5. Bf4 Nf6 6. e3 Bf5 7. Bd3 Bxd3 8. Qxd3 Bd6 9. Bxd6 Qxd6 10. Nf3 Nbd7 11. 0-0 0-0 12. b4 Rfe8 13. Rab1 Ne4 14. b5 Rac8 15. bxc6 Qxc6 16. Ne2 Nb6 17. Rb3 Qc2 18. a3 Qxd3 19. Rxd3 Rc2 20. Nf4 f6 21. h4 Rec8 22. h5 Rc1 23. Nd2 Rxf1+ 24. Kxf1 Rc1+ 25. Ke2 Nc4 26. Nxe4 dxe4 27. Rb3 b6 28. d5 Kf7 29. Ne6 Rc2+ 30. Ke1 Ne5 31. Nf4 g5 32. hxg6+ hxg6 33. Kd1 Rc5 34. f3 exf3 35. gxf3 g5 36. Ng2 Rxd5+ 37. Ke2 Rc5 38. Ne1 Rc4 39. Kd2 Ra4 40. Kc3 Ke6 41. e4 g4 0-1

[Event "BL 1920 (Women)"]
[Site "Germany"]
[Date "2021.09.03"]
[Round "9.3"]
[White "Savina, Anastasia"]
[Black "Kushka, Alena"]
[Result "1-0"]
[WhiteElo "2346"]
[BlackElo "2121"]
[PlyCount "45"]
[EventDate "2019.09.14"]
[EventType "team-tourn"]
[EventRounds "11"]
[EventCountry "GER"]
[SourceTitle "EXT 2022"]
[Source "ChessBase"]
[SourceDate "2021.10.06"]
[SourceVersion "1"]
[SourceVersionDate "2021.10.06"]
[SourceQuality "1"]
[WhiteTeam "Bad Koenigshofen (W)"]
[BlackTeam "Hofheim (W)"]
[WhiteTeamCountry "GER"]
[BlackTeamCountry "GER"]

1. d4 Nf6 2. c4 e6 3. Nc3 c5 4. d5 exd5 5. cxd5 d6 6. Nf3 g6 7. Nd2 Bg7 8. e4 0-0 9. Be2 a6 10. a4 b6 11. 0-0 Nbd7 12. f4 Rb8 13. Nc4 Ne8 14. Kh1 f5 15. e5 dxe5 16. d6 e4 17. Ne5 Nxe5 18. fxe5 Be6 19. Nd5 Bxe5 20. Ne7+ Kg7 21. Nc6 Qxd6 22. Nxe5 Qxe5 23. Bf4 1-0

[Event "BL 1920 (Women)"]
[Site "Germany"]
[Date "2020.02.15"]
[Round "7.4"]
[White "Kushka, Alena"]
[Black "Scheynin, Julia"]
[Result "1-0"]
[WhiteElo "2121"]
[BlackElo "1994"]
[PlyCount "81"]
[EventDate "2019.09.14"]
[EventType "team-tourn"]
[EventRounds "11"]
[EventCountry "GER"]
[SourceTitle "CBM 195 Extra"]
[Source "ChessBase"]
[SourceDate "2020.05.31"]
[SourceVersion "1"]
[SourceVersionDate "2020.05.31"]
[SourceQuality "1"]
[WhiteTeam "Hofheim (W)"]
[BlackTeam "Karlsruhe (W)"]
[WhiteTeamCountry "GER"]
[BlackTeamCountry "GER"]

1. d4 d5 2. c4 e6 3. Nc3 Nf6 4. cxd5 exd5 5. Bg5 Be7 6. e3 c6 7. Qc2 Nbd7 8. Bd3 0-0 9. Nge2 Re8 10. 0-0 Nf8 11. f3 h6 12. Bh4 Ne6 13. Rad1 Nh5 14. Bxe7 Rxe7 15. Bf5 Nf8 16. Bxc8 Rxc8 17. e4 b5 18. e5 g6 19. b4 a5 20. a3 axb4 21. axb4 Ra7 22. f4 Qe7 23. Nxd5 Qb7 24. Ne3 Rca8 25. Nc3 Qe7 26. Qb2 Qc7 27. f5 Ng7 28. fxg6 Nxg6 29. Ng4 Qb6 30. Nxh6+ Kh7 31. Nxf7 Ne6 32. Qe2 Kg7 33. Qe3 Rxf7 34. Rxf7+ Kxf7 35. Ne4 Kg7 36. Qh3 Nef4 37. Qd7+ Kh6 38. Nf6 Ra7 39. Ng8+ Kg5 40. Qd6 Ra2 41. Qf6+ 1-0

[Event "BL 1920 (Women)"]
[Site "Germany"]
[Date "2020.02.02"]
[Round "6.4"]
[White "Kushka, Alena"]
[Black "Gosciniak, Maria"]
[Result "1/2-1/2"]
[WhiteElo "2121"]
[BlackElo "2132"]
[PlyCount "81"]
[EventDate "2019.09.14"]
[EventType "team-tourn"]
[EventRounds "11"]
[EventCountry "GER"]
[SourceTitle "CBM 195 Extra"]
[Source "ChessBase"]
[SourceDate "2020.05.31"]
[SourceVersion "1"]
[SourceVersionDate "2020.05.31"]
[SourceQuality "1"]
[WhiteTeam "Hofheim (W)"]
[BlackTeam "Harksheide (W)"]
[WhiteTeamCountry "GER"]
[BlackTeamCountry "GER"]

1. d4 e6 2. c4 Bb4+ 3. Bd2 Qe7 4. e4 Bxd2+ 5. Qxd2 e5 6. d5 d6 7. Bd3 Nh6 8. Nc3 Nd7 9. b4 f5 10. exf5 0-0 11. Nge2 Nxf5 12. 0-0 Nf6 13. Ne4 Nxe4 14. Bxe4 Qh4 15. f4 Bd7 16. g3 Qe7 17. Rae1 Rae8 18. Bxf5 Rxf5 19. Nd4 Rf6 20. f5 Qf7 21. Ne6 Rxf5 22. Rxf5 Qxf5 23. Rf1 Qg4 24. Nxc7 Rc8 25. Qf2 Qd4 26. Qxd4 exd4 27. Ne6 Bxe6 28. dxe6 Re8 29. Rd1 Rxe6 30. Rxd4 Kf7 31. Kf2 Ke7 32. a4 Re5 33. Kf3 a5 34. b5 b6 35. Rh4 h5 36. Re4 Ke6 37. Rxe5+ Kxe5 38. Ke3 g5 39. h3 d5 40. cxd5 Kxd5 41. Kd3 1/2-1/2

[Event "Hessenliga 1921"]
[Site "Hessen"]
[Date "2019.09.22"]
[Round "1.4"]
[White "Kushka, Alena"]
[Black "Diyap, Murat"]
[Result "0-1"]
[WhiteElo "2121"]
[BlackElo "2168"]
[PlyCount "118"]
[EventDate "2019.09.22"]
[EventType "team-tourn"]
[EventRounds "9"]
[EventCountry "GER"]
[SourceTitle "EXT 2024"]
[Source "ChessBase"]
[SourceDate "2023.10.10"]
[SourceVersion "1"]
[SourceVersionDate "2023.10.10"]
[SourceQuality "1"]
[WhiteTeam "Hofheim II"]
[BlackTeam "Frankfurt TV"]
[WhiteTeamCountry "GER"]
[BlackTeamCountry "GER"]

1. d4 d5 2. c4 c6 3. Nc3 Nf6 4. e3 e6 5. Nf3 Be7 6. Bd3 0-0 7. e4 dxe4 8. Nxe4 b6 9. h4 Nbd7 10. Bg5 Bb7 11. Bxf6 Nxf6 12. Nxf6+ Bxf6 13. Bc2 c5 14. Qd3 g6 15. h5 Bxf3 16. hxg6 hxg6 17. gxf3 Bxd4 18. 0-0-0 Qf6 19. Rdg1 Bxb2+ 20. Kb1 Ba1 21. Qb3 Kg7 22. Rg4 Qc3 23. f4 Qxb3+ 24. axb3 Bd4 25. Rg2 Kf6 26. Be4 Rab8 27. Kc2 Rh8 28. Rgh2 Kg7 29. Kd3 Rxh2 30. Rxh2 Rd8 31. Ke2 Bc3 32. Bd3 Bf6 33. Ke3 Be7 34. Rg2 Kf6 35. Rh2 Rd4 36. Rh8 Bd6 37. Be4 a5 38. Ra8 Bc7 39. Ra7 Rd7 40. Rb7 Re7 41. Kf3 e5 42. fxe5+ Kxe5 43. Ke3 f5 44. Bd5 g5 45. Ra7 f4+ 46. Kd3 g4 47. Ra8 Rg7 48. Re8+ Kf5 49. Rg8 Rxg8 50. Bxg8 f3 51. Kd2 Ke4 52. Bd5+ Kd4 53. Bc6 Bf4+ 54. Ke1 Kc3 55. Ba4 Bg5 56. Kf1 Kb4 57. Ke1 Bf6 58. Kd2 b5 59. cxb5 c4 0-1

[Event "BL 1920 (Women)"]
[Site "Germany"]
[Date "2019.09.15"]
[Round "2.3"]
[White "Kushka, Alena"]
[Black "Lubbe, Melanie"]
[Result "1-0"]
[WhiteElo "2121"]
[BlackElo "2264"]
[PlyCount "115"]
[EventDate "2019.09.14"]
[EventType "team-tourn"]
[EventRounds "11"]
[EventCountry "GER"]
[SourceTitle "EXT 2020"]
[Source "ChessBase"]
[SourceDate "2019.10.17"]
[SourceVersion "1"]
[SourceVersionDate "2019.10.17"]
[SourceQuality "1"]
[WhiteTeam "Hofheim (W)"]
[BlackTeam "Rodewisch (W)"]
[WhiteTeamCountry "GER"]
[BlackTeamCountry "GER"]

1. d4 d6 2. Nf3 Nf6 3. c4 g6 4. g3 Bg7 5. Bg2 0-0 6. 0-0 c6 7. Nc3 Bf5 8. b3 Ne4 9. Bb2 Na6 10. Nh4 Nxc3 11. Bxc3 Be6 12. Qd3 Rc8 13. Rad1 d5 14. e4 Qd7 15. f4 dxe4 16. Qxe4 Bg4 17. Rd2 Qe6 18. Qxe6 Bxe6 19. f5 Bd7 20. Re2 Bf6 21. fxg6 hxg6 22. Ba1 Bg4 23. Bf3 Bh3 24. Bg2 Bxg2 25. Kxg2 Rfd8 26. Nf3 Nc7 27. Ne5 Ne6 28. Nxg6 Kg7 29. Nxe7 Rc7 30. Nf5+ Kg6 31. Re4 Rcd7 32. Nh4+ Bxh4 33. Rxh4 Nxd4 34. Rg4+ Kh5 35. Rxd4 Rxd4 36. Bxd4 Rxd4 37. Rxf7 Rd2+ 38. Kh3 Rxa2 39. Rxb7 Ra3 40. b4 a5 41. bxa5 Rxa5 42. Re7 Kg5 43. Kg2 Kf6 44. Re4 Ra2+ 45. Kf3 Rxh2 46. Rh4 Rc2 47. Rh6+ Kf5 48. g4+ Ke5 49. Rxc6 Rc3+ 50. Ke2 Ke4 51. g5 Rc2+ 52. Kd1 Rg2 53. g6 Kf5 54. c5 Ke5 55. Rd6 Rg4 56. Kd2 Rc4 57. g7 Rxc5 58. Rd8 1-0

[Event "GER-chT Federal Cup (Women)"]
[Site "Braunfels"]
[Date "2019.06.21"]
[Round "3.17"]
[White "Kushka, Alena"]
[Black "Braeutigam, Irina"]
[Result "0-1"]
[WhiteElo "2148"]
[BlackElo "1973"]
[PlyCount "86"]
[EventDate "2019.06.20"]
[EventType "team-swiss"]
[EventRounds "5"]
[EventCountry "GER"]
[SourceTitle "CBM 191 Extra"]
[Source "ChessBase"]
[SourceDate "2019.09.30"]
[SourceVersion "1"]
[SourceVersionDate "2019.09.30"]
[SourceQuality "1"]

1. d4 d6 2. Nf3 Nd7 3. g3 g6 4. Bg2 Bg7 5. 0-0 e5 6. c4 Ne7 7. Nc3 0-0 8. e4 a5 9. b3 exd4 10. Nxd4 Nc5 11. Bb2 Bd7 12. Rb1 f5 13. f4 Nc6 14. Nxc6 Bxc6 15. exf5 Bxg2 16. Kxg2 gxf5 17. Re1 Qd7 18. Nd5 Ne4 19. Qd3 Rae8 20. Ne3 b6 21. Bxg7 Kxg7 22. Re2 Nc5 23. Qd4+ Kg6 24. Rbe1 Re4 25. Qd5 Rfe8 26. g4 fxg4 27. Qg5+ Kf7 28. Kg1 Kf8 29. Nf5 Qf7 30. Nh6 Qg6 31. Qxg6 hxg6 32. Rxe4 Rxe4 33. Rxe4 Nxe4 34. Nxg4 Nc3 35. Kf2 Nxa2 36. Ne3 Nc1 37. Nd5 Nxb3 38. Nxc7 Nd2 39. Ke3 Nxc4+ 40. Kd4 Na3 41. Kd5 Ke7 42. Kc6 b5 43. Kb6 b4 0-1

[Event "GER-ch blitz (Women)"]
[Site "Magdeburg"]
[Date "2019.05.25"]
[Round "16"]
[White "Birkholz, Olga"]
[Black "Kushka, Alena"]
[Result "1-0"]
[WhiteElo "2031"]
[BlackElo "2148"]
[PlyCount "55"]
[EventDate "2019.05.25"]
[EventType "tourn (blitz)"]
[EventRounds "29"]
[EventCountry "GER"]
[SourceTitle "CBM 190 Extra"]
[Source "ChessBase"]
[SourceDate "2019.07.15"]
[SourceVersion "1"]
[SourceVersionDate "2019.07.15"]
[SourceQuality "1"]

1. e4 c5 2. b3 Nc6 3. Bb2 Nf6 4. d3 e6 5. f4 d5 6. e5 Nd7 7. Nf3 Be7 8. Qe2 0-0 9. g3 f6 10. exf6 Nxf6 11. Bh3 Qd6 12. 0-0 d4 13. Nbd2 b5 14. a4 bxa4 15. Rxa4 Nd5 16. Nc4 Qd7 17. Re1 Rf6 18. Nce5 Nxe5 19. Nxe5 Qe8 20. Ng4 Rg6 21. Bg2 Bb7 22. Ne5 Rh6 23. Bc1 Rf6 24. Ng4 Rg6 25. Be4 Bc6 26. Ra1 Rxg4 27. Qxg4 Nf6 28. Qxe6+ 1-0

[Event "GER-ch blitz (Women)"]
[Site "Magdeburg"]
[Date "2019.05.25"]
[Round "20"]
[White "Fuchs, Judith"]
[Black "Kushka, Alena"]
[Result "1-0"]
[WhiteElo "2218"]
[BlackElo "2148"]
[PlyCount "95"]
[EventDate "2019.05.25"]
[EventType "tourn (blitz)"]
[EventRounds "29"]
[EventCountry "GER"]
[SourceTitle "CBM 190 Extra"]
[Source "ChessBase"]
[SourceDate "2019.07.15"]
[SourceVersion "1"]
[SourceVersionDate "2019.07.15"]
[SourceQuality "1"]

1. d4 Nf6 2. Bf4 c5 3. d5 g6 4. Nc3 d6 5. e4 Bg7 6. Bb5+ Bd7 7. a4 a6 8. Be2 0-0 9. Nf3 b6 10. 0-0 Ra7 11. Re1 Rb7 12. Qd2 Re8 13. Bh6 Bh8 14. h3 b5 15. axb5 axb5 16. Ng5 b4 17. Nd1 Bb5 18. Ne3 Bxe2 19. Qxe2 e5 20. Nc4 Nh5 21. g3 Bf6 22. Nf3 Bg7 23. Bg5 f6 24. Bd2 Qc7 25. Ra8 Ra7 26. Rxa7 Qxa7 27. Nxd6 Rd8 28. Nc4 Bf8 29. Nh2 Ng7 30. Ng4 Ne8 31. Qe3 Qc7 32. Ra1 Nd7 33. c3 bxc3 34. Bxc3 Nb6 35. Ba5 Nxc4 36. Bxc7 Nxe3 37. Bxd8 Nxg4 38. hxg4 Nd6 39. f3 Nc4 40. Bxf6 Bd6 41. Ra8+ Kf7 42. Bg5 Nxb2 43. Ra7+ Ke8 44. Rxh7 c4 45. Kf2 c3 46. Ke2 c2 47. Kd2 Nc4+ 48. Kxc2 1-0

[Event "GER-ch blitz (Women)"]
[Site "Magdeburg"]
[Date "2019.05.25"]
[Round "8"]
[White "Kreismann, Franziska"]
[Black "Kushka, Alena"]
[Result "0-1"]
[WhiteElo "1589"]
[BlackElo "2148"]
[PlyCount "48"]
[EventDate "2019.05.25"]
[EventType "tourn (blitz)"]
[EventRounds "29"]
[EventCountry "GER"]
[SourceTitle "CBM 190 Extra"]
[Source "ChessBase"]
[SourceDate "2019.07.15"]
[SourceVersion "1"]
[SourceVersionDate "2019.07.15"]
[SourceQuality "1"]

1. d4 Nf6 2. Nf3 c5 3. e3 b6 4. c4 Bb7 5. d5 g6 6. Nc3 Bg7 7. Bd3 0-0 8. 0-0 d6 9. Qc2 e6 10. e4 exd5 11. exd5 Re8 12. Bf4 Na6 13. a3 Nc7 14. Rfe1 Rxe1+ 15. Rxe1 b5 16. Nxb5 Nxb5 17. cxb5 Nxd5 18. Bd2 Qd7 19. Be4 Re8 20. Bxd5 Bxd5 21. Rxe8+ Qxe8 22. Qd3 Bxf3 23. Qxf3 Bxb2 24. Bh6 Qe1# 0-1

[Event "GER-ch blitz (Women)"]
[Site "Magdeburg"]
[Date "2019.05.25"]
[Round "9"]
[White "Kushka, Alena"]
[Black "Daemering, Katrin"]
[Result "0-1"]
[WhiteElo "2148"]
[BlackElo "2003"]
[PlyCount "112"]
[EventDate "2019.05.25"]
[EventType "tourn (blitz)"]
[EventRounds "29"]
[EventCountry "GER"]
[SourceTitle "CBM 190 Extra"]
[Source "ChessBase"]
[SourceDate "2019.07.15"]
[SourceVersion "1"]
[SourceVersionDate "2019.07.15"]
[SourceQuality "1"]

1. d4 c5 2. d5 e5 3. Nc3 d6 4. e4 a6 5. a4 g6 6. Be2 Bg7 7. Nf3 Ne7 8. 0-0 0-0 9. Ne1 h6 10. f4 f5 11. fxe5 dxe5 12. b3 fxe4 13. d6 Nf5 14. Bc4+ Kh7 15. Nxe4 b6 16. Nf3 Bb7 17. Bd5 Bxd5 18. Qxd5 Nd7 19. Nfg5+ hxg5 20. Nxg5+ Kh8 21. Nf7+ Rxf7 22. Qxf7 Qe8 23. Qd5 Nf6 24. Qd1 Rd8 25. Qe2 Rxd6 26. Bg5 e4 27. Rf4 Qf7 28. Bxf6 Qxf6 29. Raf1 Kg8 30. Rxe4 Rd8 31. g4 Nd4 32. Re8+ Kh7 33. Rxf6 Nxe2+ 34. Rxe2 Bxf6 35. Kf2 Bd4+ 36. Kf3 Rf8+ 37. Kg3 Rf7 38. Re6 Rb7 39. Rc6 Kg7 40. Kf4 Kf7 41. Kg5 Be3+ 42. Kh4 b5 43. axb5 axb5 44. Kg3 Bd4 45. h4 Re7 46. Kf4 Be3+ 47. Kf3 Bd4 48. g5 b4 49. Rc8 Rd7 50. Ke4 Bf2 51. Rh8 Rd4+ 52. Ke5 Rxh4 53. Rc8 Bd4+ 54. Kd5 Rg4 55. Rc7+ Ke8 56. Ke6 Re4+ 0-1

[Event "GER-ch blitz (Women)"]
[Site "Magdeburg"]
[Date "2019.05.25"]
[Round "5"]
[White "Kushka, Alena"]
[Black "Kopylov, Luba"]
[Result "1/2-1/2"]
[WhiteElo "2148"]
[BlackElo "2078"]
[PlyCount "85"]
[EventDate "2019.05.25"]
[EventType "tourn (blitz)"]
[EventRounds "29"]
[EventCountry "GER"]
[SourceTitle "CBM 190 Extra"]
[Source "ChessBase"]
[SourceDate "2019.07.15"]
[SourceVersion "1"]
[SourceVersionDate "2019.07.15"]
[SourceQuality "1"]

1. d4 Nf6 2. c4 g6 3. Nc3 d5 4. Nf3 Bg7 5. Bf4 c6 6. e3 Ne4 7. Bd3 Nxc3 8. bxc3 Nd7 9. 0-0 0-0 10. Rb1 Nf6 11. Bg3 Qa5 12. Qc2 dxc4 13. Bxc4 Bf5 14. Bd3 Bxd3 15. Qxd3 Qxa2 16. Rxb7 Nd5 17. e4 Nb6 18. Rxe7 a5 19. Nd2 a4 20. Rb7 Nc8 21. Nc4 a3 22. Rd1 Ra4 23. Ne3 c5 24. d5 c4 25. Qf1 Bxc3 26. Rc1 Bb2 27. Rxc4 Rxc4 28. Nxc4 Bd4 29. h3 Qc2 30. Nxa3 Qxe4 31. Nb5 Qxd5 32. Rb8 Be5 33. Bxe5 Qxe5 34. Rb7 Nd6 35. Nxd6 Qxd6 36. Rb3 Qd5 37. Rf3 Rc8 38. Rd3 Qg5 39. Rd1 Rc2 40. Qd3 Ra2 41. Qd8+ Qxd8 42. Rxd8+ Kg7 43. Rd3 1/2-1/2

[Event "GER-ch blitz (Women)"]
[Site "Magdeburg"]
[Date "2019.05.25"]
[Round "21"]
[White "Kushka, Alena"]
[Black "Lubbe, Melanie"]
[Result "0-1"]
[WhiteElo "2148"]
[BlackElo "2278"]
[PlyCount "62"]
[EventDate "2019.05.25"]
[EventType "tourn (blitz)"]
[EventRounds "29"]
[EventCountry "GER"]
[SourceTitle "CBM 190 Extra"]
[Source "ChessBase"]
[SourceDate "2019.07.15"]
[SourceVersion "1"]
[SourceVersionDate "2019.07.15"]
[SourceQuality "1"]

1. d4 Nf6 2. c4 g6 3. Nc3 Bg7 4. e4 d6 5. f4 0-0 6. Nf3 c5 7. d5 Bg4 8. Bd3 e6 9. dxe6 fxe6 10. 0-0 Nc6 11. Qe1 Bxf3 12. Rxf3 Nd4 13. Rh3 Nh5 14. f5 exf5 15. exf5 Nxf5 16. g4 Nd4 17. gxh5 Nf3+ 18. Rxf3 Rxf3 19. Qe4 Bd4+ 20. Kh1 Qf8 21. Bh6 Qf6 22. hxg6 hxg6 23. Bg5 Qf7 24. Nd5 Re8 25. Ne7+ Kg7 26. Re1 Rf2 27. Qg4 Qf3+ 28. Qxf3 Rxf3 29. Bb1 Ref8 30. b3 Rf1+ 31. Rxf1 Rxf1+ 0-1